| 000 | 01019nam a2200277 a 4500 | ||
|---|---|---|---|
| 001 | 000020941 | ||
| 005 | 20240425141955.0 | ||
| 008 | 100824s1986 dr 000 0 spa d | ||
| 040 |
_aDO-SdBNP _bspa _cBNPHU |
||
| 082 |
_a322.2097293 _bO96d |
||
| 100 | 1 |
_aOviedo, José _92671 |
|
| 245 | 1 | 0 |
_aDemocracia y proyecto socialdemócrata en República Dominicana / _cJosé Oviedo, Rosario Espinal. |
| 260 |
_aSanto Domingo : _bTaller, _c1986. |
||
| 300 |
_a225 p. ; _c21 cm. |
||
| 490 | 1 |
_aBiblioteca taller ; _v234 |
|
| 500 | _aIncluye referencias bibliográficas y notas al pie de las páginas | ||
| 504 | _aBibliografía : p. 221-225 | ||
| 590 | _aInventariado, 2018/BT | ||
| 610 | 2 | 0 |
_aPARTIDO REVOLUCIONARIO DOMINICANA _943868 |
| 650 | 0 |
_aClase trabajadora _914034 |
|
| 650 | 0 |
_aSindicatos _931036 |
|
| 651 | 4 |
_aRepública Dominicana _xCondiciones Económicas _y1961- _97344 |
|
| 700 | 1 | 2 |
_aEspinal, Rosario _d1955- _943869 |
| 830 | 1 |
_aBiblioteca taller ; _n234 _943870 |
|
| 910 | _aValidado. Control de calidad. MFF | ||
| 999 |
_c20444 _d20444 |
||